Foucault II /

En este capítulo de Filosofía aquí y ahora, de Canal Encuentro, se presentan las siguientes postulaciones teóricas del autor: el poder pastoral, lo «Uno», el «Poder», la resistencia, entre otros.

Guardado en:
Autor Principal: Feinmann, José Pablo
Autor Corporativo: Canal Encuentro.
Formato: Deslizar
Publicado: Argentina, 2009
Series:Filosofía aquí y ahora - Temporada 2
Materias:
Acceso en línea:https://www.educ.ar/recursos/50243/foucault-ii
Etiquetas: Agregar Etiqueta
Sin Etiquetas, Sea el primero en etiquetar este registro!
LEADER 01140ngm a22003015g 4500
001 CEM.cems023369
008 130507s2009##################0###0#####d
005 20250328163405.0
245 1 0 |a Foucault II /  |c José Pablo Feinmann. 
260 |a Argentina,  |c 2009 
300 |a 28'. 
490 0 |a Filosofía aquí y ahora - Temporada 2 
538 |a Soporte: DVD - Color: Si - Grabación DRD. 
520 |a En este capítulo de Filosofía aquí y ahora, de Canal Encuentro, se presentan las siguientes postulaciones teóricas del autor: el poder pastoral, lo «Uno», el «Poder», la resistencia, entre otros. 
590 |a Identificación anterior registrada en SIABUC: D62B 
500 |a Consultar en ventanilla. 
100 1 |a Feinmann, José Pablo 
710 2 |a Canal Encuentro. 
082 1 0 |/ FEI-2 
653 |a FILOSOFIA 
653 |a FILOSOFIA AQUI Y AHORA 
653 |a FEINMANN 
653 |a FOUCAULT 
653 |a ESTRUCTURALISMO 
653 |a PODER 
653 |a SERIE DE TELEVISIÓN 
856 |u https://www.educ.ar/recursos/50243/foucault-ii 
859 |a CEMS  |b BIB. CEMS - Depto. Recursos Didacticos  |h 100  |i FEI-2  |k DRD  |p 2012.15  |t Ej.1